00514nam a22001577a 450000500170000000800410001702000180005804100100007608200160008610000220010224500360012426000490016030000260020936500230023550000980025820260310164905.0260310b |||||||| |||| 00| 0 eng d a9789352832163 aEng.  a720.6bAGG. aDr. Aggarwal R.S. aVerbal & Non - Verbal Reasoning aNew Delhi bS Chand & Company Limited c2020 a1000pbPBc27 x 20 cm aINRb1.00cRupaye  a1) Series Completion 2) Analogy 3) Classification 4) Coding - Decoding 5) Blood Relations